000 00863nam a2200265Ia 4500
003 OSt
005 20220923224518.0
006 a|||||r|||| 00| 0
007 ta
008 220922b |||||||| |||| 00| 0 hin d
020 _c35
024 _a238,006
037 _b403, 23/03/2009, Swaraj Prakashan
_cTextual
040 _aARTS
_cARTS
_bhin
041 _2hin
_ahin
082 _aO152,3N12,NI, M6
100 _aविष्णु प्रभाकर
_9156271
245 0 _aनिशिकान्त
246 _aNishikānta
260 _aदिल्ली
_b शब्दकार
_c1986
300 _a261पृ.
_ccm.
650 _aहिन्दी साहित्य
_9156264
942 _hO152,3N12,NI, M6
_cTEXL
_2CC
999 _c371923
_d371923